| 000 | 01343cam a22003377a 4500 | ||
|---|---|---|---|
| 003 | CHAP | ||
| 005 | 20220329135750.0 | ||
| 008 | 971013s1973 r 00010 d | ||
| 010 | _a41718 | ||
| 011 | _a42690 | ||
| 035 | _a46819 | ||
| 040 | _cCHAP | ||
| 082 |
_a595.762 _bE78 |
||
| 100 | 0 | 0 |
_aErwin, Terry L. _937354 |
| 245 | 0 | _aStudies of the subtribe Tachyna (Coleoptera : Carabidae : Bembidiini) | |
| 260 |
_aWashington : _bSmithsonian Institution, _c1973- |
||
| 300 |
_av. _b: ilus. |
||
| 490 | 0 | _aSmithsonian contributions to zoology | |
| 500 | _aLa biblioteca tiene : v.1 A revision of the neotropical Xystosomus Schaum -- v.2 A revision of the New World-Australia genus Pericompsus Le conte -- v.3 Systematics, phylogeny and zoogeography of the genus Tachyta Kirby | ||
| 590 |
_aBATCH-UPD _b10 _c20130110 _lUCH01 _h2026 |
||
| 590 |
_aCONVERSION _b10 _c20130109 _lUCH01 _h1323 |
||
| 650 | 1 | 4 |
_aPericompsus. _987167 |
| 650 | 1 | 4 |
_aTachinidae. _9111320 |
| 650 | 1 | 4 |
_aXystosomus. _9122924 |
| 830 | 0 |
_aSmithsonian contributions to zoology _9107173 |
|
| 901 | _aBK | ||
| 942 | _cLIBRO | ||
| 949 |
_a595.762 E78 _bBC _cLIBRO _d33724000369088 _eLIBRO _fv.2 _h35984 _i46819 _si |
||
| 949 |
_a595.762 E78 _bBC _cLIBRO _d33724000369096 _eLIBRO _fv.3 _h42644 _i46819 _si |
||
| 949 |
_a595.762 E78 _bBC _cLIBRO _d33724000663241 _eLIBRO _fv.1 _h41905 _i46819 _si |
||
| 999 |
_c41718 _d41718 |
||